000 01115nam0a2200301 i 4500
001 RU\NLR\bibl\1997621
005 20260601074746.0
010 _a9785699581986
_93000
021 _aRU
_b2012-85242
_97д/13
035 _a(NLR Aleph) 001985996
090 _a4157491
_c4157491
100 _a20130207d2012 u y0rusy50 ca
101 0 _arus
102 _aRU
105 _aa |||||||||
200 1 _aШкола шахмат Евгения Гика
_e[учебник]
210 _aМосква
_cЭксмо
_d2012
215 _a319 с., [12] л. цв. ил.
_cил.
_d24
300 _aНа 4-й с. обл. авт.: Евгений Гик лауреат лит. и журналист. премий, к.ф.-м.н.
606 _aШахматы
_jУчебники
_9966520
_3RU\NLR\auth\66361818
686 _aЧ515.81я7
700 1 _4070
_8rus
_7ca
_aГик
_bЕ. Я.
_f1943-
_gЕвгений Яковлевич
_3RU\NLR\auth\771058
_9111092
801 0 _aRU
_bNLR
_c20130207
_gRCR
801 1 _aRU
_bNLR
_c20130207
830 _aавт. по базе
942 _cBOOK
980 _aNBR